Rothschild y Figuerola : (Record no. 189609)

MARC details
000 -LEADER
campo de control de longitud fija 01147nam a2200229 i 4500
001 - NÚMERO DE CONTROL
campo de control 189609
003 - IDENTIFICADOR DE NÚMERO DE CONTROL
campo de control SpMaBN
005 - FECHA Y HORA DE LA ÚLTIMA TRANSACCIÓN
campo de control 20230906223519.0
008 - DATOS DE LONGITUD FIJA--INFORMACIÓN GENERAL
campo de control de longitud fija 190625s1872 sp |||| | spa d
080 ## - NÚMERO DE LA CLASIFICACIÓN DECIMAL UNIVERSAL
Número de la Clasificación Decimal Universal 347.258
080 ## - NÚMERO DE LA CLASIFICACIÓN DECIMAL UNIVERSAL
Número de la Clasificación Decimal Universal 622.349.9(460.287 Almadén)
100 1# - ENTRADA PRINCIPAL--NOMBRE DE PERSONA
Nombre de persona Anciola, Antonio Luis de.
9 (RLIN) 21407
245 10 - MENCIÓN DEL TÍTULO
Título Rothschild y Figuerola :
Resto del título artículos publicados en El Debate sobre el contrato de azogues hecho por el ministro de Hacienda D. Laureano Figuerola con la casa de los Sres. Rothschild /
Mención de responsabilidad, etc. por D. Antonio Luis de Anciola.
260 ## - PUBLICACIÓN, DISTRIBUCIÓN, ETC.
Lugar de publicación, distribución, etc. Madrid :
Nombre del editor, distribuidor, etc. [s.n.],
Fecha de publicación, distribución, etc. 1872 (
Fabricante Imp. de El Debate, a cargo de J.M. Luengo)
300 ## - DESCRIPCIÓN FÍSICA
Extensión 43 p. ;
Dimensiones 26 cm.
530 ## - NOTA DISPONIBLE DE FORMULARIO FÍSICO ADICIONAL
Nota de formato físico adicional disponible Disponible en formato digital.
600 34 - PUNTO DE ACCESO ADICIONAL DE MATERIA--NOMBRE DE PERSONA
Nombre de persona Rothschild (Familia)
9 (RLIN) 154459
650 #4 - PUNTO DE ACCESO ADICIONAL DE MATERIA--TÉRMINO DE MATERIA
Término de materia o nombre geográfico como elemento de entrada Concesiones administrativas.
9 (RLIN) 146048
650 ## - PUNTO DE ACCESO ADICIONAL DE MATERIA--TÉRMINO DE MATERIA
Término de materia o nombre geográfico como elemento de entrada Minas de mercurio-
Subdivisión geográfica Almadén.
9 (RLIN) 167428
852 4# - LOCALIZACIÓN
Ubicación ES-MaACL
Número de control de estantería L-32450(6)
Nota libre - Enc. cart.
-- - Enc. en un vol. facticio, con tít. en el lomo de: España, geología: memorias varias, 3
-- - Legado Federico de Botella y de Hornos
856 4# - LOCALIZACIÓN Y ACCESO ELECTRÓNICOS
Identificador Uniforme de Recursos <a href="http://bdh-rd.bne.es/viewer.vm?id=0000072782&page=1 ">http://bdh-rd.bne.es/viewer.vm?id=0000072782&page=1 </a>
Nota pública Biblioteca Digital Hispánica
Holdings
Estatus retirado Estado de pérdida Estado de daño No para préstamo Colección Biblioteca de origen Biblioteca actual Ubicación en estantería Fecha de adquisición Fuente de adquisición Total de préstamos Signatura topográfica completa Código de barras Visto por última vez Precio de reemplazo Tipo de ítem Koha
        Colección digital Biblioteca del Ateneo de Madrid Biblioteca del Ateneo de Madrid Depósito 2 25/06/2019     L-32450(6) 1200939 23/02/2023 23/02/2023 Libro impreso antiguo